Testovanie odbornej angličtiny na školách tretieho stupňa
Mobilita študentov v rámci európskych univerzít si vyžaduje solídnu znalosť cudzieho jazyka uchádzačov a také certifikáty o testovaných jazykových zručnostiach, ktoré majú vysokú mieru závažnosti, t. j. môžu rozhodnúť o tom, či kandidát bude môcť v zahraničí študovať alebo či dostane prácu. Stručné...
Enregistré dans:
| Auteur principal: | |
|---|---|
| Autres auteurs: | |
| Format: | Chapitre de livre |
| Langue: | slovaque |
| Sujets: | |
| Tags: |
Pas de tags, Soyez le premier à ajouter un tag!
|
MARC
| LEADER | 00000nla$a2200000$$$4500 | ||
|---|---|---|---|
| 001 | 0116949 | ||
| 005 | 20221107084716.1 | ||
| 041 | 0 | |a slo | |
| 044 | |a SK | ||
| 245 | 1 | 0 | |a Testovanie odbornej angličtiny na školách tretieho stupňa |c Jarmila Cihová, Štefánia Dugovičová |
| 520 | |a Mobilita študentov v rámci európskych univerzít si vyžaduje solídnu znalosť cudzieho jazyka uchádzačov a také certifikáty o testovaných jazykových zručnostiach, ktoré majú vysokú mieru závažnosti, t. j. môžu rozhodnúť o tom, či kandidát bude môcť v zahraničí študovať alebo či dostane prácu. Stručné opísanie cieľov a aktivít troch testovacích systémov: UNIcert, GULT a TESPIS. | ||
| 610 | 2 | 0 | |a jazyky cudzie |
| 610 | 2 | 0 | |a zručnosti |
| 610 | 2 | 0 | |a testy |
| 610 | 2 | 0 | |a testy didaktické |
| 610 | 2 | 0 | |a výučba vedecká |
| 610 | 2 | 0 | |a vzdelávanie |
| 100 | 1 | |a Cihová, Jarmila | |
| 700 | 1 | |a Dugovičová, Štefánia | |